00496nam a2200181Ia 4500003000900000008004100009040001300050040001300063041000800076100001700084245014400101250001200245260002100257260000900278300001100287300001000298490000600308IT-RoPAU120407s9999 xx 000 0 und d aIT-RoPAU cIT-RoPAU aita aAndrea Gemma aIl sorriso di Maria sul mondo di oggi. Rilettura alla luce di Maria della Costituzione Gaudium et Spes per un mese di Maggio in Parrocchia. aCatania aEdizioni Paoline c1972 a306 p. c18 cm v1